[Event "WCO2014"]
[Site "Tromso"]
[Date "2014.08.05"]
[Round "4.30"]
[WhiteID "2302241"]
[White "Gretarsson Hjorvar Steinn"]
[BlackID "1705024"]
[Black "Agrest Evgenij"]
[Result "1/2-1/2"]
[LiveChessVersion "1.4.3"]
[BlackElo "2595"]
[WhiteElo "2543"]

1. d4 {[%clk 1:30:55]} d5 {[%clk 1:30:16]} 2. c4 {[%clk 1:31:17]} c6
{[%clk 1:30:31]} 3. Nf3 {[%clk 1:31:30]} Nf6 {[%clk 1:30:26]} 4. Nc3
{[%clk 1:31:32]} e6 {[%clk 1:30:01]} 5. Bg5 {[%clk 1:31:37]} Nbd7
{[%clk 1:29:19]} 6. e3 {[%clk 1:31:24]} Qa5 {[%clk 1:29:00]} 7. cxd5
{[%clk 1:31:09]} Nxd5 {[%clk 1:28:30]} 8. Qd2 {[%clk 1:31:14]} Bb4
{[%clk 1:27:10]} 9. Rc1 {[%clk 1:31:35]} h6 {[%clk 1:26:03]} 10. Bh4
{[%clk 1:31:04]} b6 {[%clk 1:24:29]} 11. a3 {[%clk 1:29:36]} Bxc3
{[%clk 1:23:42]} 12. bxc3 {[%clk 1:30:04]} c5 {[%clk 1:20:15]} 13. c4
{[%clk 1:30:03]} Qxd2+ {[%clk 1:20:26]} 14. Nxd2 {[%clk 1:30:31]} Ne7
{[%clk 1:20:00]} 15. f3 {[%clk 1:30:35]} Bb7 {[%clk 1:17:59]} 16. Bd3
{[%clk 1:25:28]} Rc8 {[%clk 1:15:10]} 17. O-O {[%clk 1:22:14]} f6
{[%clk 1:09:51]} 18. Rfd1 {[%clk 1:16:05]} O-O {[%clk 1:04:05]} 19. Bf2
{[%clk 1:13:05]} Rfd8 {[%clk 0:55:00]} 20. Bc2 {[%clk 1:09:08]} f5
{[%clk 0:33:16]} 21. Nb3 {[%clk 0:53:17]} cxd4 {[%clk 0:27:00]} 22. Nxd4
{[%clk 0:53:23]} Nc5 {[%clk 0:27:22]} 23. Nb5 {[%clk 0:50:52]} Nc6
{[%clk 0:26:16]} 24. e4 {[%clk 0:48:51]} f4 {[%clk 0:21:36]} 25. Rxd8+
{[%clk 0:31:44]} Rxd8 {[%clk 0:20:05]} 26. Rd1 {[%clk 0:31:35]} Rxd1+
{[%clk 0:16:58]} 27. Bxd1 {[%clk 0:32:03]} Nd3 {[%clk 0:16:51]} 28. c5
{[%clk 0:24:56]} Nxc5 {[%clk 0:12:34]} 29. Bxc5 {[%clk 0:24:52]} bxc5
{[%clk 0:12:59]} 30. Bb3 {[%clk 0:25:14]} Bc8 {[%clk 0:12:52]} 31. Nd6
{[%clk 0:24:34]} Bd7 {[%clk 0:11:31]} 32. Nb7 {[%clk 0:22:00]} Nd4
{[%clk 0:10:59]} 33. Nxc5 {[%clk 0:22:06]} Nxb3 {[%clk 0:10:10]} 34. Nxb3
{[%clk 0:22:30]} e5 {[%clk 0:08:09]} 35. Nc5 {[%clk 0:19:51]} Bb5
{[%clk 0:08:32]} 36. Nb7 {[%clk 0:19:31]} Kf8 {[%clk 0:07:23]} 37. Nd6
{[%clk 0:18:44]} Ba6 {[%clk 0:07:47]} 38. Nf5 {[%clk 0:16:17]} Bc8
{[%clk 0:04:55]} 39. Nd6 {[%clk 0:16:27]} Ba6 {[%clk 0:05:20]} 40. Nf5
{[%clk 0:15:56]} Bc8 {[%clk 0:05:45]} 41. Nd6 {[%clk 0:14:49]} 1/2-1/2

[Event "WCO2014"]
[Site "Tromso"]
[Date "2014.08.05"]
[Round "4.31"]
[WhiteID "1700812"]
[White "Hillarp Persson Tiger"]
[BlackID "2301318"]
[Black "Kjartansson Gudmundur"]
[Result "1-0"]
[LiveChessVersion "1.4.3"]
[BlackElo "2448"]
[WhiteElo "2549"]

1. d4 {[%clk 1:30:56]} f5 {[%clk 1:30:37]} 2. Nc3 {[%clk 1:31:19]} Nf6
{[%clk 1:30:54]} 3. Bg5 {[%clk 1:31:26]} d5 {[%clk 1:31:09]} 4. e3
{[%clk 1:31:41]} e6 {[%clk 1:30:31]} 5. Bd3 {[%clk 1:31:24]} Be7 {[%clk 1:30:21]}
6. Nf3 {[%clk 1:31:38]} Ne4 {[%clk 1:25:43]} 7. Bxe7 {[%clk 1:31:11]} Qxe7
{[%clk 1:26:03]} 8. O-O {[%clk 1:31:29]} O-O {[%clk 1:26:20]} 9. Ne2
{[%clk 1:31:02]} Nd7 {[%clk 1:23:30]} 10. c4 {[%clk 1:30:30]} c6 {[%clk 1:23:39]}
11. Rc1 {[%clk 1:24:12]} Ndf6 {[%clk 1:19:46]} 12. Qb3 {[%clk 1:11:22]} Kh8
{[%clk 1:17:50]} 13. Rc2 {[%clk 1:10:09]} Nd6 {[%clk 1:10:26]} 14. Nf4
{[%clk 0:53:41]} Nfe4 {[%clk 1:02:12]} 15. Ne5 {[%clk 0:52:14]} Rf6
{[%clk 0:59:49]} 16. c5 {[%clk 0:27:56]} Ne8 {[%clk 0:56:43]} 17. Bxe4
{[%clk 0:26:29]} fxe4 {[%clk 0:55:57]} 18. f3 {[%clk 0:26:32]} exf3
{[%clk 0:50:54]} 19. Rxf3 {[%clk 0:26:55]} Rh6 {[%clk 0:31:58]} 20. Rh3
{[%clk 0:06:27]} Kg8 {[%clk 0:24:58]} 21. Rxh6 {[%clk 0:06:49]} gxh6
{[%clk 0:25:25]} 22. Nh5 {[%clk 0:06:25]} Qh4 {[%clk 0:24:28]} 23. g4
{[%clk 0:06:29]} b6 {[%clk 0:23:36]} 24. Rf2 {[%clk 0:04:39]} bxc5
{[%clk 0:23:05]} 25. Qa3 {[%clk 0:04:55]} Qe7 {[%clk 0:19:25]} 26. Nxc6
{[%clk 0:04:39]} Qc7 {[%clk 0:11:32]} 27. Qxc5 {[%clk 0:05:00]} Nd6
{[%clk 0:11:56]} 28. Nf6+ {[%clk 0:05:09]} Kh8 {[%clk 0:12:21]} 29. Ne8
{[%clk 0:05:21]} 1-0

[Event "WCO2014"]
[Site "Tromso"]
[Date "2014.08.05"]
[Round "4.32"]
[WhiteID "2300010"]
[White "Olafsson Helgi"]
[BlackID "1706446"]
[Black "Tikkanen Hans"]
[Result "1/2-1/2"]
[LiveChessVersion "1.4.3"]
[BlackElo "2559"]
[WhiteElo "2555"]

1. d4 e6 2. Nf3 Nf6 3. c4 c5 4. g3 cxd4 5. Nxd4 d5 6. Bg2 e5 7. Nf3 d4 8. O-O Nc6
9. e3 Bg4 10. Qb3 Bd6 11. Qxb7 Na5 12. Qb5+ Bd7 13. Qa6 Bc8 14. Qb5+ Bd7 15. Qa6
Bc8 1/2-1/2

[Event "WCO2014"]
[Site "Tromso"]
[Date "2014.08.05"]
[Round "4.44"]
[WhiteID "3901211"]
[White "Iturrizaga Bonelli Eduardo"]
[BlackID "114987"]
[Black "Kovalyov Anton"]
[Result "0-1"]
[LiveChessVersion "1.4.3"]
[BlackElo "2622"]
[WhiteElo "2653"]

1. Nf3 {[%clk 1:30:56]} Nf6 {[%clk 1:30:52]} 2. c4 {[%clk 1:31:24]} e6
{[%clk 1:31:17]} 3. Nc3 {[%clk 1:31:51]} Bb4 {[%clk 1:31:34]} 4. Qc2
{[%clk 1:32:03]} c5 {[%clk 1:31:54]} 5. a3 {[%clk 1:32:28]} Ba5 {[%clk 1:32:20]}
6. e3 {[%clk 1:32:54]} O-O {[%clk 1:31:52]} 7. Be2 {[%clk 1:33:11]} Nc6
{[%clk 1:28:25]} 8. O-O {[%clk 1:33:10]} e5 {[%clk 1:27:32]} 9. Nd5
{[%clk 1:04:00]} d6 {[%clk 1:27:13]} 10. Ng5 {[%clk 1:03:58]} g6 {[%clk 1:27:37]}
11. f4 {[%clk 1:04:19]} Nxd5 {[%clk 1:19:41]} 12. cxd5 {[%clk 1:04:46]} Ne7
{[%clk 1:13:57]} 13. fxe5 {[%clk 0:53:25]} Nxd5 {[%clk 1:12:44]} 14. Ne4
{[%clk 0:52:02]} dxe5 {[%clk 1:12:19]} 15. Bc4 {[%clk 0:32:05]} Kg7
{[%clk 1:11:44]} 16. b4 {[%clk 0:30:24]} Bc7 {[%clk 1:11:14]} 17. Bb2
{[%clk 0:20:21]} f5 {[%clk 1:08:19]} 18. Nxc5 {[%clk 0:19:57]} Nf6
{[%clk 1:08:41]} 19. Rac1 {[%clk 0:16:50]} Qe7 {[%clk 1:08:11]} 20. e4
{[%clk 0:14:41]} fxe4 {[%clk 1:05:44]} 21. Kh1 {[%clk 0:10:50]} Bb6
{[%clk 0:46:02]} 22. Qc3 {[%clk 0:09:22]} Bc7 {[%clk 0:45:06]} 23. Qg3
{[%clk 0:05:27]} b6 {[%clk 0:36:54]} 24. Ne6+ {[%clk 0:04:26]} Bxe6
{[%clk 0:37:16]} 25. Bxe6 {[%clk 0:04:52]} Rae8 {[%clk 0:36:38]} 26. Rc6
{[%clk 0:02:53]} Nh5 {[%clk 0:32:19]} 27. Bxe5+ {[%clk 0:01:35]} Bxe5
{[%clk 0:32:42]} 28. Qxe5+ {[%clk 0:02:03]} Kh6 {[%clk 0:33:04]} 29. Rxf8
{[%clk 0:00:43]} Qxf8 {[%clk 0:33:03]} 30. h4 {[%clk 0:00:34]} Qf4
{[%clk 0:26:04]} 31. Qxf4+ {[%clk 0:00:42]} Nxf4 {[%clk 0:26:28]} 32. Bc4
{[%clk 0:00:41]} e3 {[%clk 0:24:24]} 33. dxe3 {[%clk 0:01:08]} Rxe3
{[%clk 0:24:47]} 34. Rc7 {[%clk 0:00:32]} Rc3 {[%clk 0:24:30]} 35. g4
{[%clk 0:00:32]} b5 {[%clk 0:24:00]} 36. g5+ {[%clk 0:00:44]} Kh5
{[%clk 0:24:25]} 37. Rxh7+ {[%clk 0:01:08]} Kg4 {[%clk 0:24:50]} 38. Bf1
{[%clk 0:00:53]} Rc1 {[%clk 0:24:43]} 39. Kg1 {[%clk 0:01:15]} Nh3+
{[%clk 0:25:05]} 40. Kg2 {[%clk 0:01:36]} Rc2+ {[%clk 0:25:31]} 0-1

[Event "WCO2014"]
[Site "Tromso"]
[Date "2014.08.05"]
[Round "4.42"]
[WhiteID "3900487"]
[White "Rohl Montes Juan Armando"]
[BlackID "4128290"]
[Black "Sambuev Bator"]
[Result "1/2-1/2"]
[LiveChessVersion "1.4.3"]
[BlackElo "2528"]
[WhiteElo "2390"]

1. e4 {[%clk 1:30:53]} d6 {[%clk 1:30:47]} 2. d4 {[%clk 1:30:23]} Nf6
{[%clk 1:31:11]} 3. Nc3 {[%clk 1:30:18]} e5 {[%clk 1:31:35]} 4. Nf3
{[%clk 1:22:24]} Nbd7 {[%clk 1:31:11]} 5. Bc4 {[%clk 1:22:34]} Be7
{[%clk 1:31:37]} 6. O-O {[%clk 1:22:55]} O-O {[%clk 1:32:02]} 7. Re1
{[%clk 1:21:20]} c6 {[%clk 1:32:22]} 8. a4 {[%clk 1:18:51]} a5 {[%clk 1:32:35]}
9. h3 {[%clk 1:13:20]} Re8 {[%clk 1:32:20]} 10. dxe5 {[%clk 0:55:12]} Nxe5
{[%clk 1:28:58]} 11. Nxe5 {[%clk 0:52:47]} dxe5 {[%clk 1:29:14]} 12. Qf3
{[%clk 0:53:08]} Bc5 {[%clk 1:24:55]} 13. Bg5 {[%clk 0:39:01]} Be6
{[%clk 1:22:04]} 14. Rad1 {[%clk 0:30:59]} Qe7 {[%clk 1:10:36]} 15. Bxe6
{[%clk 0:29:21]} Qxe6 {[%clk 1:10:10]} 16. Rd3 {[%clk 0:28:52]} Nd7
{[%clk 1:06:57]} 17. Red1 {[%clk 0:26:57]} Nf8 {[%clk 1:07:04]} 18. b3
{[%clk 0:25:13]} f6 {[%clk 1:00:24]} 19. Be3 {[%clk 0:25:04]} Qe7
{[%clk 1:00:23]} 20. Ne2 {[%clk 0:25:06]} Bxe3 {[%clk 1:00:02]} 21. Qxe3
{[%clk 0:25:06]} Red8 {[%clk 0:59:39]} 22. f3 {[%clk 0:01:10]} Ne6
{[%clk 0:59:20]} 23. Kf1 {[%clk 0:01:16]} Rxd3 {[%clk 0:53:29]} 24. Rxd3
{[%clk 0:01:41]} Nc5 {[%clk 0:50:46]} 25. Rd2 {[%clk 0:01:57]} Na6
{[%clk 0:44:53]} 26. Nc1 {[%clk 0:01:04]} Nc5 {[%clk 0:28:50]} 27. Nd3
{[%clk 0:01:12]} Ne6 {[%clk 0:29:03]} 28. Nc1 {[%clk 0:00:36]} Qc5
{[%clk 0:28:07]} 29. Qxc5 {[%clk 0:00:49]} Nxc5 {[%clk 0:28:31]} 30. Nd3
{[%clk 0:01:18]} Ne6 {[%clk 0:28:50]} 31. Nb2 {[%clk 0:01:16]} Kf8
{[%clk 0:23:07]} 32. g3 {[%clk 0:00:44]} b5 {[%clk 0:20:00]} 33. Kf2
{[%clk 0:00:45]} Ke7 {[%clk 0:19:42]} 34. Ke3 {[%clk 0:00:42]} Rb8
{[%clk 0:18:19]} 35. f4 {[%clk 0:00:43]} exf4+ {[%clk 0:13:43]} 36. gxf4
{[%clk 0:01:06]} 1/2-1/2

[Event "WCO2014"]
[Site "Tromso"]
[Date "2014.08.05"]
[Round "4.41"]
[WhiteID "2606577"]
[White "Hambleton Aman"]
[BlackID "3902048"]
[Black "Guerrero Vargas Andres"]
[Result "1/2-1/2"]
[LiveChessVersion "1.4.3"]
[BlackElo "2318"]
[WhiteElo "2458"]

1. d4 {[%clk 1:30:53]} Nf6 {[%clk 1:30:56]} 2. c4 {[%clk 1:31:10]} e6
{[%clk 1:31:22]} 3. Nc3 {[%clk 1:31:31]} Bb4 {[%clk 1:31:48]} 4. Qc2
{[%clk 1:31:27]} O-O {[%clk 1:32:13]} 5. a3 {[%clk 1:31:46]} Bxc3+
{[%clk 1:32:39]} 6. Qxc3 {[%clk 1:32:08]} d5 {[%clk 1:33:06]} 7. Bg5
{[%clk 1:29:57]} c5 {[%clk 1:33:01]} 8. e3 {[%clk 1:23:59]} h6 {[%clk 1:27:49]}
9. Bxf6 {[%clk 1:16:27]} Qxf6 {[%clk 1:28:16]} 10. cxd5 {[%clk 1:10:11]} cxd4
{[%clk 1:28:37]} 11. Qxd4 {[%clk 1:10:34]} Qxd4 {[%clk 1:28:37]} 12. exd4
{[%clk 1:11:01]} exd5 {[%clk 1:29:04]} 13. Bd3 {[%clk 1:11:18]} Nc6 14. Ne2
{[%clk 1:11:40]} Re8 {[%clk 1:26:29]} 15. Kd2 {[%clk 1:03:40]} Bg4
{[%clk 1:22:56]} 16. f3 {[%clk 1:03:51]} Bd7 {[%clk 1:23:24]} 17. b3
{[%clk 0:52:00]} Rac8 {[%clk 1:09:27]} 18. Rab1 {[%clk 0:46:08]} Re7
{[%clk 1:07:12]} 19. b4 {[%clk 0:38:54]} Rce8 {[%clk 1:06:40]} 20. Rhe1
{[%clk 0:38:37]} a6 {[%clk 0:55:15]} 21. Rbc1 {[%clk 0:35:34]} Kf8
{[%clk 0:47:47]} 22. h4 {[%clk 0:26:49]} g6 {[%clk 0:46:36]} 23. g4
{[%clk 0:18:54]} Re3 {[%clk 0:45:43]} 24. Rf1 {[%clk 0:19:11]} h5
{[%clk 0:45:20]} 25. Rc3 {[%clk 0:10:43]} hxg4 {[%clk 0:43:13]} 26. fxg4
{[%clk 0:11:06]} Bxg4 {[%clk 0:43:04]} 27. Nf4 {[%clk 0:11:25]} Nxd4
{[%clk 0:42:39]} 28. Nxd5 {[%clk 0:03:40]} Nf3+ {[%clk 0:39:39]} 29. Kc1
{[%clk 0:03:28]} Re1+ {[%clk 0:39:15]} 30. Kb2 {[%clk 0:03:07]} Rd8
{[%clk 0:31:43]} 31. Rxe1 {[%clk 0:01:46]} Nxe1 {[%clk 0:32:08]} 32. Be4
{[%clk 0:02:10]} f5 {[%clk 0:28:52]} 33. Bh1 {[%clk 0:02:10]} Bf3
{[%clk 0:20:40]} 34. Bxf3 {[%clk 0:01:41]} Nxf3 {[%clk 0:21:09]} 35. Nf4
{[%clk 0:02:04]} Nxh4 {[%clk 0:20:41]} 36. Ne6+ {[%clk 0:01:55]} Ke7
{[%clk 0:21:10]} 37. Nxd8 {[%clk 0:02:19]} Kxd8 {[%clk 0:21:38]} 38. Kc2
{[%clk 0:02:21]} g5 {[%clk 0:22:00]} 39. Kd3 {[%clk 0:02:13]} Kd7
{[%clk 0:20:34]} 40. a4 {[%clk 0:00:59]} g4 {[%clk 0:16:18]} 41. Ke3
{[%clk 0:28:42]} Ng2+ {[%clk 0:46:50]} 42. Kf2 {[%clk 0:28:45]} Nf4
{[%clk 0:47:16]} 43. Rc4 {[%clk 0:28:30]} Nd5 {[%clk 0:45:28]} 44. Rc5
{[%clk 0:18:43]} Kd6 {[%clk 0:44:44]} 45. Kg3 {[%clk 0:18:11]} b6
{[%clk 0:45:08]} 46. Rc8 {[%clk 0:17:09]} Nxb4 {[%clk 0:45:32]} 47. Rf8
{[%clk 0:17:23]} Ke5 {[%clk 0:44:34]} 48. Re8+ {[%clk 0:17:43]} Kd4
{[%clk 0:44:40]} 49. Re6 {[%clk 0:15:48]} Nd5 {[%clk 0:40:16]} 50. a5
{[%clk 0:15:25]} bxa5 {[%clk 0:23:57]} 51. Rxa6 {[%clk 0:15:23]} Ke4
{[%clk 0:22:18]} 52. Rxa5 {[%clk 0:15:32]} Nc3 {[%clk 0:21:04]} 53. Ra8
{[%clk 0:13:47]} Ne2+ {[%clk 0:19:52]} 54. Kf2 {[%clk 0:14:15]} Nd4
{[%clk 0:16:45]} 55. Kg3 {[%clk 0:14:33]} Nf3 {[%clk 0:16:00]} 56. Ra4+
{[%clk 0:14:43]} Ke5 {[%clk 0:16:10]} 57. Rxg4 {[%clk 0:15:04]} 1/2-1/2

[Event "WCO2014"]
[Site "Tromso"]
[Date "2014.08.05"]
[Round "4.25"]
[WhiteID "14700077"]
[White "Amonatov Farrukh"]
[BlackID "7101384"]
[Black "Megaranto Susanto"]
[Result "1-0"]
[LiveChessVersion "1.4.3"]
[BlackElo "2527"]
[WhiteElo "2590"]

1. e4 {[%clk 1:30:57]} e5 {[%clk 1:30:54]} 2. Nf3 {[%clk 1:31:21]} Nc6
{[%clk 1:31:21]} 3. Nc3 {[%clk 1:31:02]} Bc5 {[%clk 1:30:17]} 4. Nxe5
{[%clk 1:30:38]} Nxe5 {[%clk 1:30:41]} 5. d4 {[%clk 1:31:04]} Bd6
{[%clk 1:31:03]} 6. dxe5 {[%clk 1:30:15]} Bxe5 {[%clk 1:31:30]} 7. Bd3
{[%clk 1:25:21]} Ne7 {[%clk 1:23:48]} 8. O-O {[%clk 1:23:05]} O-O
{[%clk 1:15:02]} 9. f4 {[%clk 1:16:36]} Bxc3 {[%clk 1:03:25]} 10. bxc3
{[%clk 1:13:39]} d5 {[%clk 1:02:55]} 11. Ba3 {[%clk 1:07:50]} Re8
{[%clk 1:00:01]} 12. e5 {[%clk 1:03:40]} Nf5 {[%clk 0:52:55]} 13. Bc5
{[%clk 1:00:07]} d4 {[%clk 0:43:01]} 14. Qf3 {[%clk 0:55:11]} Ne3
{[%clk 0:42:07]} 15. Rfe1 {[%clk 0:51:41]} Bg4 {[%clk 0:31:47]} 16. Qg3
{[%clk 0:48:28]} h5 {[%clk 0:24:33]} 17. cxd4 {[%clk 0:40:48]} Nf5
{[%clk 0:17:17]} 18. Qf2 {[%clk 0:41:04]} b6 {[%clk 0:17:42]} 19. h3
{[%clk 0:40:31]} bxc5 {[%clk 0:18:02]} 20. hxg4 {[%clk 0:40:56]} Nxd4
{[%clk 0:18:27]} 21. gxh5 {[%clk 0:40:54]} Rb8 {[%clk 0:18:52]} 22. c3
{[%clk 0:40:13]} Ne6 {[%clk 0:18:57]} 23. Rad1 {[%clk 0:40:31]} Qe7
{[%clk 0:15:44]} 24. f5 {[%clk 0:39:38]} Ng5 {[%clk 0:16:13]} 25. f6
{[%clk 0:38:08]} gxf6 {[%clk 0:16:13]} 26. exf6 {[%clk 0:38:12]} Qf8
{[%clk 0:16:42]} 27. Qg3 {[%clk 0:35:15]} Qh6 {[%clk 0:16:49]} 28. Rxe8+
{[%clk 0:35:11]} Rxe8 {[%clk 0:17:15]} 29. Bb5 {[%clk 0:35:33]} Rb8
{[%clk 0:11:57]} 30. Rd5 {[%clk 0:33:42]} Kh8 {[%clk 0:12:11]} 31. Rxg5
{[%clk 0:32:40]} Rxb5 {[%clk 0:12:34]} 32. Rg8+ {[%clk 0:32:52]} Kh7
{[%clk 0:13:03]} 33. Qg7+ {[%clk 0:32:55]} Qxg7 {[%clk 0:13:29]} 34. Rxg7+
{[%clk 0:33:21]} Kh6 {[%clk 0:13:54]} 35. Rxf7 {[%clk 0:32:33]} Kxh5
{[%clk 0:14:19]} 36. Rg7 {[%clk 0:32:23]} 1-0

[Event "WCO2014"]
[Site "Tromso"]
[Date "2014.08.05"]
[Round "4.26"]
[WhiteID "7102526"]
[White "Farid Firman Syah"]
[BlackID "14700247"]
[Black "Khusenkhojaev Muhammad"]
[Result "1-0"]
[LiveChessVersion "1.4.3"]
[BlackElo "2410"]
[WhiteElo "2400"]

1. Nf3 {[%clk 1:30:52]} Nf6 {[%clk 1:30:43]} 2. g3 {[%clk 1:30:49]} b6
{[%clk 1:30:18]} 3. Bg2 {[%clk 1:30:58]} Bb7 {[%clk 1:30:42]} 4. O-O
{[%clk 1:28:25]} e6 {[%clk 1:30:45]} 5. c4 {[%clk 1:26:37]} Be7 {[%clk 1:30:41]}
6. d4 {[%clk 1:26:42]} O-O {[%clk 1:30:51]} 7. Re1 {[%clk 1:23:13]} d6
{[%clk 1:30:08]} 8. Nc3 {[%clk 1:23:14]} Nbd7 {[%clk 1:23:53]} 9. e4
{[%clk 1:19:25]} e5 {[%clk 1:23:54]} 10. b3 {[%clk 1:17:09]} Re8 {[%clk 1:22:47]}
11. Bb2 {[%clk 1:17:18]} Bf8 {[%clk 1:18:00]} 12. Qc2 {[%clk 1:16:41]} exd4
{[%clk 1:11:17]} 13. Nxd4 {[%clk 1:15:59]} g6 {[%clk 1:05:32]} 14. Rad1
{[%clk 1:13:41]} Bg7 {[%clk 0:58:19]} 15. Nd5 {[%clk 0:47:43]} a6
{[%clk 0:49:41]} 16. f4 {[%clk 0:40:15]} Qb8 {[%clk 0:44:49]} 17. Nxf6+
{[%clk 0:36:54]} Bxf6 {[%clk 0:24:52]} 18. e5 {[%clk 0:36:20]} Bxg2
{[%clk 0:22:50]} 19. Qxg2 {[%clk 0:36:28]} dxe5 {[%clk 0:22:10]} 20. Nc6
{[%clk 0:36:51]} Qc8 {[%clk 0:22:30]} 21. fxe5 {[%clk 0:35:23]} Bg7
{[%clk 0:21:12]} 22. e6 {[%clk 0:29:32]} fxe6 {[%clk 0:21:02]} 23. Rf1
{[%clk 0:25:42]} Bf8 {[%clk 0:04:29]} 24. Qd2 {[%clk 0:12:52]} Bd6
{[%clk 0:02:26]} 25. Qc3 {[%clk 0:09:30]} e5 {[%clk 0:02:19]} 26. Qf3
{[%clk 0:09:15]} Kh8 {[%clk 0:00:35]} 27. Qd5 {[%clk 0:07:23]} Qb7
{[%clk 0:01:04]} 28. Nxe5 {[%clk 0:06:41]} Qxd5 {[%clk 0:00:53]} 29. Nf7+
{[%clk 0:06:56]} 1-0

[Event "WCO2014"]
[Site "Tromso"]
[Date "2014.08.05"]
[Round "4.27"]
[WhiteID "14700050"]
[White "Isaev Jamshed"]
[BlackID "7103743"]
[Black "Ali Lutfi Muhammad"]
[Result "0-1"]
[LiveChessVersion "1.4.3"]
[BlackElo "2339"]
[WhiteElo "2337"]

1. d4 {[%clk 1:30:55]} Nf6 {[%clk 1:30:41]} 2. Nf3 {[%clk 1:31:15]} g6
{[%clk 1:31:02]} 3. Bf4 {[%clk 1:31:31]} Bg7 {[%clk 1:30:58]} 4. e3
{[%clk 1:31:48]} O-O {[%clk 1:31:17]} 5. Be2 {[%clk 1:31:55]} d6 {[%clk 1:31:26]}
6. h3 {[%clk 1:32:10]} c5 {[%clk 1:27:26]} 7. c3 {[%clk 1:31:43]} Qb6
{[%clk 1:26:24]} 8. Qb3 {[%clk 1:31:23]} Be6 {[%clk 1:26:48]} 9. Qxb6
{[%clk 1:26:25]} axb6 {[%clk 1:27:14]} 10. Na3 {[%clk 1:19:27]} Nd5
{[%clk 1:25:47]} 11. Kd2 {[%clk 0:56:10]} Nxf4 {[%clk 1:23:54]} 12. exf4
{[%clk 0:54:50]} Nc6 {[%clk 1:19:19]} 13. Ke3 {[%clk 0:48:16]} Bd5
{[%clk 1:16:09]} 14. Rhd1 {[%clk 0:27:01]} cxd4+ {[%clk 1:15:00]} 15. cxd4
{[%clk 0:27:10]} Nb4 {[%clk 1:14:38]} 16. Ne1 {[%clk 0:18:48]} Bxa2
{[%clk 1:10:38]} 17. Bc4 {[%clk 0:13:27]} Nd5+ {[%clk 1:08:33]} 18. Ke4
{[%clk 0:12:52]} Rxa3 {[%clk 1:07:07]} 19. Bxd5 {[%clk 0:12:54]} Bxd5+
{[%clk 1:07:17]} 20. Kxd5 {[%clk 0:13:20]} Rb3 {[%clk 1:07:36]} 21. Nd3
{[%clk 0:13:06]} Rc8 {[%clk 1:05:02]} 22. Ra7 {[%clk 0:11:23]} Rb5+
{[%clk 1:04:27]} 23. Ke4 {[%clk 0:11:48]} f5+ {[%clk 1:04:17]} 24. Ke3
{[%clk 0:11:52]} Rc4 {[%clk 1:02:58]} 25. Rxb7 {[%clk 0:10:39]} Bxd4+
{[%clk 1:03:16]} 26. Kf3 {[%clk 0:10:57]} Kf7 {[%clk 1:01:14]} 27. b4
{[%clk 0:08:24]} Rc3 {[%clk 1:00:46]} 28. Ke2 {[%clk 0:08:10]} Rc2+
{[%clk 1:00:45]} 29. Kf3 {[%clk 0:07:40]} Rc3 {[%clk 1:00:48]} 30. Ke2
{[%clk 0:07:55]} h5 {[%clk 1:00:29]} 31. Rd2 {[%clk 0:06:33]} Rc4
{[%clk 0:59:39]} 32. Ra2 {[%clk 0:05:17]} Bf6 {[%clk 0:58:20]} 33. g3
{[%clk 0:04:38]} Rc3 {[%clk 0:54:06]} 34. f3 {[%clk 0:03:53]} Ke6
{[%clk 0:52:04]} 35. Rd2 {[%clk 0:03:23]} Rc8 {[%clk 0:51:57]} 36. Ra2
{[%clk 0:03:13]} Rc4 {[%clk 0:51:38]} 37. Ke3 {[%clk 0:02:41]} Rc3
{[%clk 0:50:36]} 38. Ke2 {[%clk 0:02:21]} Rc8 {[%clk 0:47:44]} 39. Ke3
{[%clk 0:02:30]} Rd5 {[%clk 0:43:57]} 40. Ke2 {[%clk 0:01:48]} b5
{[%clk 0:43:28]} 41. Rd2 {[%clk 0:01:16]} Ra8 {[%clk 0:41:35]} 42. Ne1
{[%clk 0:24:37]} Rxd2+ {[%clk 1:11:37]} 43. Kxd2 {[%clk 0:25:04]} Kd5
{[%clk 1:11:23]} 44. Rc7 {[%clk 0:22:32]} Ra3 {[%clk 1:11:14]} 45. Rc8
{[%clk 0:21:01]} Bd4 {[%clk 1:10:15]} 46. Ke2 {[%clk 0:18:39]} Ra2+
{[%clk 1:05:12]} 47. Nc2 {[%clk 0:18:22]} Rb2 {[%clk 1:05:22]} 48. Kd3
{[%clk 0:15:52]} Rb3+ {[%clk 1:05:29]} 49. Ke2 {[%clk 0:16:20]} Bf6
{[%clk 0:50:50]} 50. Ne3+ {[%clk 0:13:09]} Ke6 {[%clk 0:51:08]} 51. Nc2
{[%clk 0:13:34]} Rb1 {[%clk 0:51:14]} 52. Rg8 {[%clk 0:12:47]} Rh1
{[%clk 0:47:10]} 53. Ne3 {[%clk 0:05:58]} Rh2+ {[%clk 0:46:50]} 54. Kf1
{[%clk 0:05:23]} Kf7 {[%clk 0:44:28]} 55. Rb8 {[%clk 0:05:41]} Bd4
{[%clk 0:44:49]} 56. Nd1 {[%clk 0:05:14]} Rh1+ {[%clk 0:44:16]} 57. Ke2
{[%clk 0:05:42]} Rxh3 {[%clk 0:44:35]} 58. g4 {[%clk 0:04:25]} hxg4
{[%clk 0:44:52]} 59. fxg4 {[%clk 0:04:51]} fxg4 {[%clk 0:45:16]} 60. Rxb5
{[%clk 0:05:15]} Rb3 {[%clk 0:45:36]} 61. Rg5 {[%clk 0:04:16]} g3
{[%clk 0:45:03]} 62. b5 {[%clk 0:03:25]} Kf6 {[%clk 0:45:13]} 63. Kf1
{[%clk 0:02:51]} e5 {[%clk 0:45:13]} 64. Rg4 {[%clk 0:02:59]} Kf5
{[%clk 0:45:17]} 65. Rg5+ {[%clk 0:03:09]} Kxf4 {[%clk 0:45:25]} 66. Rxg6
{[%clk 0:03:31]} Rb1 {[%clk 0:45:51]} 67. Ke2 {[%clk 0:02:15]} Rxb5
{[%clk 0:46:10]} 68. Rf6+ {[%clk 0:01:40]} Kg5 {[%clk 0:45:47]} 69. Rf8
{[%clk 0:01:45]} Rb3 {[%clk 0:45:58]} 70. Kf1 {[%clk 0:01:46]} Rd3
{[%clk 0:46:18]} 71. Ke2 {[%clk 0:02:01]} Ra3 {[%clk 0:46:44]} 72. Kf1
{[%clk 0:02:21]} Ra2 {[%clk 0:47:07]} 73. Rg8+ {[%clk 0:02:28]} Kf4
{[%clk 0:47:33]} 74. Rf8+ {[%clk 0:02:46]} Ke4 {[%clk 0:47:55]} 75. Rg8
{[%clk 0:03:06]} g2+ {[%clk 0:48:22]} 76. Ke1 {[%clk 0:03:12]} Rc2
{[%clk 0:48:36]} 0-1